000 00410nam a2200169Ia 4500
008 230524s9999 xx 000 0 und d
020 _a9788183510073
082 _a658.45
_bKUM
100 _aVarinder Kumar
_941998
245 0 _aBusiness Communication
250 _a1
260 _aNew Delhi
_bkalyani pub
_c2009
300 _a"I,18p;"
500 _aQuantity Number: 1
650 _aEnglish
942 _cBK
999 _c56413
_d56413